Представление документа в формате MARC21

Поле Инд. ПП Название Значение
Тип записи a
Библиографический уровень m
001 Контрольный номер b6e63ea8aa9244e19d9f005d7e01a61c
005 Дата корректировки 20250629152429.6
084 a Индекс другой классификации/Индекс ББК 75
091 i Возрастная адресация (DOS) 12+
097 b Оператор Чирова
245 10 a Заглавие Физкультура и спорт
n Номер части/ раздела 4
260 c Дата издания 2025
900 a Имя макрообъекта E0041D100131BB97
901 t Тип документа s